Multiple Choice Tier-Quiz: Eichhörnchen - Statistiken

Allgemein
  • Dieses Quiz wurde 21 mal gespielt
    19 seit der letzten Aktualisierung
  • Das Durchschnittsergebnis liegt bei 6 aus 10
Antwortstatistiken
Frage Antwort % Korrekt
Zum Schlafen und zur Aufzucht der Jungen bauen Eichhörnchen Nester. Wie werden diese auch genannt? Kobel
94%
Das Eichhörnchen ist ein... Nagetier
94%
Warum haben Eichhörnchen so einen langen Schwanz? Der Schwanz hilft beim Klettern die Balance zu halten.
88%
Eichhörnchen leben... als Einzelgänger
71%
Was machen Eichhörnchen im Winter? Winterruhe
65%
Wie heißt ein bekannter Anime von Nippon Animation, in dem der Protagonist ein von einer Katze aufgezogenes Eichhörnchen ist? Puschel
59%
Eichhörnchen sind... Allesfresser
53%
Eichhörnchen sind weit verbreitet. Welches sind die einzigen beiden Länder in Europa, in denen sie NICHT vorkommen? Island und Malta
53%
Wie weit können Eichhörnchen mit einem Sprung springen? 5 m
41%
An welcher tödlichen Krankheit können auch Eichhörnchen erkranken? Lepra
6%
Keine übereinstimmenden Quizze gefunden
Verteilung der Resultate
Anzahl Personen mit jedem Resultat
Perzentil nach korrekt beantworteten Fragen
Ihre Resultats-Entwicklung
Sie haben dieses Quiz seit der letzten Aktualisierung nicht gespielt